Ne byvat' vojne-požaru! pesnja dlja golosa (chora) s fortepiano /

Hlavní autor: Tulikov, Serafim Sergejevič, 1914-2004
Další autoři: Žarov, Aleksandr Aleksejevič, 1904-1984
Jazyk: Ruština
Vydáno: Moskva : Muzgiz, 1949
Fyzický popis: 5 s.
Hudebniny Hudebniny
Uloženo v:
LEADER 00786ncm a22002172a 4500
001 001107919
003 CZ BrMZK
005 20110531091757.0
007 qu
008 100728s1949 ru |||||||||||||||||rus d
040 |a BOA001  |b cze 
072 7 |a 784  |x Vokální hudba  |2 Konspekt  |9 9 
100 1 |a Tulikov, Serafim Sergejevič,  |d 1914-2004  |7 mzk2010593386  |4 cmp 
245 1 0 |a Ne byvat' vojne-požaru!  |h [hudebnina] :  |b pesnja dlja golosa (chora) s fortepiano /  |c S. Tulikov ; slova A. Žarova 
260 |a Moskva :  |b Muzgiz,  |c 1949 
300 |a 5 s. 
700 1 |a Žarov, Aleksandr Aleksejevič,  |d 1904-1984  |7 kup20010000115264  |4 lyr 
910 |a BOA001  |b Mus4-0268.001 
990 |a MU 
991 |b 201008 
996 6 |b 2619510818  |c Mus4-0268.001  |l MZK  |r Sklad / do 1 hodiny  |n 0  |w 001135229  |u 000010  |a 1  |e BOA001  |j MZK50  |s P